|
|
|
|
| LEADER |
01818cas a2200265 a 4500 |
| 001 |
AALejournalIMF021641 |
| 008 |
230101c9999 xx r poo 0 0eng d |
| 020 |
|
|
|c 18.00 USD
|
| 020 |
|
|
|z 9781513573526
|
| 022 |
|
|
|a 1018-5941
|
| 040 |
|
|
|a BD-DhAAL
|c BD-DhAAL
|
| 245 |
1 |
0 |
|a When They Go Low, We Go High? :
|b Measuring Bank Market Power in a Low-for-Long Environment.
|
| 264 |
|
1 |
|a Washington, D.C. :
|b International Monetary Fund,
|c 2021.
|
| 300 |
|
|
|a 1 online resource (26 pages)
|
| 490 |
1 |
|
|a IMF Working Papers
|
| 500 |
|
|
|a <strong>Off-Campus Access:</strong> No User ID or Password Required
|
| 500 |
|
|
|a <strong>On-Campus Access:</strong> No User ID or Password Required
|
| 506 |
|
|
|a Electronic access restricted to authorized BRAC University faculty, staff and students
|
| 520 |
3 |
|
|a We examine trends in bank competition since the early 2000s. The Lerner index-arguably the most commonly used measure-shows evidence of a marked increase in market power in advanced economies, especially after the global financial crisis. But other frequently used indicators of banking sector competition seem much more muted. We show that the significant drop in policy rates that occurred in the aftermath of the crisis could explain the seeming disconnect. Adjusting the Lerner index for the impact of policy rates reveals that market power has been fairly constant in advanced economies-consistent with the other signals and similar to the pattern observed in emerging markets.
|
| 538 |
|
|
|a Mode of access: Internet
|
| 650 |
|
7 |
|a Foreign Exchange
|2 imf
|
| 650 |
|
7 |
|a Informal Economy
|2 imf
|
| 650 |
|
7 |
|a Underground Econom
|2 imf
|
| 830 |
|
0 |
|a IMF Working Papers; Working Paper ;
|v No. 2021/149
|
| 856 |
4 |
0 |
|z Full text available on IMF
|u http://elibrary.imf.org/view/journals/001/2021/149/001.2021.issue-149-en.xml
|z IMF e-Library
|